000 00770nam a22002292 4500
001 0000021136
005 20151217152226.0
008 120116s xx 000 0 eng d
020 _a0393328562 :
040 _aKABU
_cKABU
100 1 _aJohnson, George.
_@0000181842
245 1 0 _aMiss Leavitt's stars :
_bthe untold story of the woman who discovered how to measure the universe /
_cGeorge Johnson.
250 _a1st ed.
260 _aLondon :
_bW. W. Norton,
_c2005.
300 _axiii, 162 p.
600 1 0 _aLeavitt, Henrietta Swan,
_d1869-1921.
_@0000181843
650 0 _aAstronomy
_xHistory.
_@0000181844
650 0 _aAstronomical photometry.
_@0000181845
852 1 _9p1215 KES
908 _a120116
950 _@1
999 _c9564
_d9564